Регионална библиотека "Любен Каравелов" - Русе

Лечение чрез хранене (Запис номер 15140)

MARC детайли
000 -Лидер
Контролно поле с фиксирана дължина 02006nam a2200397 c 4500
003 - Код на организацията, давaща контролен номер
Контролно поле BLK
005 - Дата и час на последна редакция
Контролно поле 20180422094636.0
008 - Елементи от данни с фиксирана дължина
fixed length control field 180413b bul|||||r ||||||| ||bul||
010 ## - Наследен системен номер
LC control number KNG00016895000
020 ## - Международен стандартен номер на книга ISBN
Международен стандартен номер на книга ISBN 954-474-084-8
-- издат.: Кибеа
040 ## - Източник на каталожния запис
Идентификатор на билиотеката - собственик на записа BLK
041 ## - Код за език
Код за езика на текст/звукозапис или на отделно заглавие Български
Код за езика КДБФ Български
080 ## - УДК
Текстов определител УДК Диетотерапия. Усилено и органично хранене, диети, богати на тлъстини, на минерали и др.
УДК код - определител по УДК 615.874
УДК определител
УДК - код + определител 615.874
080 ## - УДК
Текстов определител УДК Хигиена на храненето. Режим на храненето. Вж и 612.39 ; 614.3 ; 615.874 ; 641
УДК код - определител по УДК 613.2
УДК определител
УДК - код + определител 613.2
100 1# - Редна дума - Автор
Автор Дейвис, Стивън
Авторска отговорност първи автор
R(LIN) 259934
139 ## - Редно поле
Редна дума Дейвис, Стивън и др.
Авторски знак Деи - Д 34
245 10 - Сведения за заглавието
Заглавие Лечение чрез хранене
Подзаглавни данни Ръководство по диетотерапия
Редно поле (дума) Стивън Дейвис; съавт. Алан Стюарт; предг. от Лукан Тотов Балабански; прев. от англ. Пламен Иванов.
257 ## - Страна на издаване
Страна на създаване/издаване Великобритания
260 ## - Област на издателските данни
-- София
Име на издателя, разпространителя и проч. Кибеа
Година на издаване 1997
300 ## - Физическа характеристика
Страници 701 с.
Размери/Мащаб 19 см
380 ## - Жанр
Жанр Медицина
490 1# - СЕРИИ (Колекции)
Име на серия Серия Здраве
500 ## - Общи забележки
Забележка Ориг. загл. Nutritional medicine / Stephen avies, Alan Stewart. - Други прев.: Т. Мустаков, П. Соларова, Ал. Шинков, Е. Михайлова, Ст. Михайлов, П. Маринов. - Офс. изд. - 2 000 тир.
650 #4 - Допълнително описание по предмет – тема
Основно описание – тема или топоним Лечебно хранене
9 (RLIN) 244312
650 #4 - Допълнително описание по предмет – тема
Основно описание – тема или топоним Хранене - хигиена
9 (RLIN) 244313
653 ## - Ключова дума – ненормативна
Ключова дума лечение
653 ## - Ключова дума – ненормативна
Ключова дума хранене
700 1# - Други автори (авторска отговорност)
Лично име Стюарт, Алан
Автороска отговорност (Описва отношението между автора и произведението) съавт.
9 (RLIN) 259935
700 1# - Други автори (авторска отговорност)
Лично име Балабански, Лукан Тотов
Автороска отговорност (Описва отношението между автора и произведението) предг. от
9 (RLIN) 364906
700 1# - Други автори (авторска отговорност)
Лично име Иванов, Пламен
Автороска отговорност (Описва отношението между автора и произведението) прев. от англ.
9 (RLIN) 247213
852 ## - Местоположение
Форматна сигнатура Цб 191770
856 4# - Електронен адрес и достъп
Електронен формат pdf - файл
Път до файла /url/
856 4# - Електронен адрес и достъп
Електронен формат pdf - файл
Път до файла /url/
942 ## - АРТИКУЛИ
Вид на библиотечния материал Книги
Скрит в OPAC Не
944 ## - СЪЗДАВАНЕ И РЕДАКЦИЯ на ЗАПИСА
Създаване/Редакция Създаване
Дата на регистрацията/редакция 15.01.2003
Служител, извършил регистрацията/редакцията Наталия_Медовщикова
944 ## - СЪЗДАВАНЕ И РЕДАКЦИЯ на ЗАПИСА
Създаване/Редакция Редакция
Дата на регистрацията/редакция 28.01.2013
Служител, извършил регистрацията/редакцията
999 ## - СИСТЕМНИ КОНТРОЛНИ НОМЕРА
Koha biblionumber 15140
Koha biblioitemnumber 15140
Наличности
Код за отписване Код за изгубен артикул Източник на класификационната схема Код за повреда Коз за рестрикции Код за отдаване Артикулен № Име на библиотеката - собственик Име на библиотеката, в която се намира в момента Статус (Текущо местоположение) Дата на вписване в системата Местоположение - отдел Цена в лева Инвентарен номер Систематично азбучна сигнатура Баркод Номер на екземпляра Цена в евро Служебна бележка Служебен тип на артикула
  Не е изгубен Universal Decimal Classification Не е повреден без рестрикции ползва се в читалня 25748 Регионална библиотека "Любен Каравелов" Русе Регионална библиотека "Любен Каравелов" Русе Хранилище 2001-01-01 Основен фонд - ползва се само за читалня 9.00 629967 Цб 191770 120000629967 1 4.60 Дост: Pk N: стар фонд Дата: 01.01.1997 Дата инв: 03.06.2010 Бележки инв: 2010 Книги
Изтеглен Не е изгубен Universal Decimal Classification Не е повреден без рестрикции заемане за дома 25749 Регионална библиотека "Любен Каравелов" Русе Регионална библиотека "Любен Каравелов" Русе Заемна - подръчен фонд 2001-01-01 Заемна - подръчен фонд 8.00 631251 П 615/Д 34 631251 2 4.09 Дост: Pk N: стар фонд Дата: 01.01.1997 Книги
Vip Innovations Ltd, Rousse, Bulgaria 2025